[Event "COL-ch sf3 U16"]
[Site "Choconta"]
[Date "2018.04.06"]
[Round "2.7"]
[White "Castiblanco, Miguel Angel"]
[Black "Luna Velandia, Karol Daniela"]
[Result "1-0"]
[WhiteElo "1547"]
[BlackElo "1130"]
[PlyCount "79"]
[EventDate "2018.04.05"]
[EventType "swiss"]
[EventRounds "6"]
[EventCountry "COL"]
[SourceTitle "EXT 2024"]
[Source "ChessBase"]
[SourceDate "2023.10.10"]
[SourceVersion "1"]
[SourceVersionDate "2023.10.10"]
[SourceQuality "1"]

1. e4 e5 2. Nf3 Nc6 3. Bc4 Bc5 4. Nc3 Nf6 5. d3 h6 6. 0-0 d6 7. h3 Be6 8. Bb3 Qd7 9. Bxe6 fxe6 10. Be3 Bb6 11. d4 exd4 12. Nxd4 Bxd4 13. Bxd4 e5 14. Be3 0-0-0 15. Nd5 Nxe4 16. b4 Kb8 17. Rb1 Ne7 18. Nxe7 Nc3 19. Qd3 Nxb1 20. Ng6 Rhg8 21. Rxb1 Qe6 22. c4 e4 23. Nf4 Qe7 24. Qd4 b6 25. a4 Qe5 26. Qd5 Qxd5 27. Nxd5 c6 28. Ne7 Kc7 29. Nxg8 Rxg8 30. a5 g5 31. g4 bxa5 32. bxa5 a6 33. Rb6 c5 34. Rxa6 Rb8 35. Rb6 Rxb6 36. axb6+ Kxb6 37. Kg2 Kc7 38. Kg3 Kd7 39. h4 gxh4+ 40. Kg2 1-0

[Event "COL-ch sf"]
[Site "Ubate"]
[Date "2017.10.??"]
[Round "1.4"]
[White "Luna Velandia, Karol Daniela"]
[Black "Mora, Luis Jose"]
[Result "0-1"]
[WhiteElo "1116"]
[BlackElo "1900"]
[PlyCount "20"]
[EventDate "2017.10.14"]
[EventType "swiss"]
[EventRounds "6"]
[EventCountry "COL"]
[SourceTitle "EXT 2024"]
[Source "ChessBase"]
[SourceDate "2023.10.10"]
[SourceVersion "1"]
[SourceVersionDate "2023.10.10"]
[SourceQuality "1"]

1. e4 c6 2. d4 d5 3. f3 e6 4. Be3 dxe4 5. fxe4 Qh4+ 6. Bf2 Qxe4+ 7. Qe2 Nf6 8. Nc3 Bb4 9. Nf3 Nbd7 10. 0-0-0 b5 0-1

[Event "COL-ch U12 Girls"]
[Site "Bogota"]
[Date "2015.05.14"]
[Round "3"]
[White "Luna Velandia, Karol Daniela"]
[Black "Diaz, Luisa Fernanda"]
[Result "0-1"]
[WhiteElo "1515"]
[BlackElo "1437"]
[PlyCount "42"]
[EventDate "2015.05.13"]
[EventType "tourn"]
[EventRounds "9"]
[EventCountry "COL"]
[SourceTitle "CBM 166 Extra"]
[Source "ChessBase"]
[SourceDate "2015.06.18"]
[SourceVersion "1"]
[SourceVersionDate "2015.06.18"]
[SourceQuality "1"]

1. e4 c5 2. Nf3 e6 3. Bc4 a6 4. Nc3 b5 5. Be2 Qc7 6. d3 d6 7. Be3 Nd7 8. Qd2 Bb7 9. 0-0-0 b4 10. Na4 Bc6 11. b3 Bxa4 12. bxa4 Nb6 13. a5 Na4 14. d4 c4 15. d5 Nc3 16. Bb6 Qc8 17. Rde1 e5 18. Kb2 Nf6 19. Ng5 Ncxd5 20. exd5 c3+ 21. Qxc3 Qxc3+ 0-1